书目信息 |
| 题名: |
十年疑似
|
|
| 作者: | ;中央电视台 编 | |
| 分册: | ||
| 出版信息: | 武汉 武汉出版社 2004.04 |
|
| 页数: | 535页 | |
| 开本: | 21cm | |
| 丛书名: | ||
| 单 册: | ||
| 中图分类: | G843.735 | |
| 科图分类: | ||
| 主题词: | 足球运动--zu qiu yun dong--联赛--中国--统计资料 | |
| 电子资源: | ||
| ISBN: | 7-5430-2955-3 | |
| 000 | 00990nam0 2200229 450 | |
| 001 | 012006458140 | |
| 005 | 20060407082905.18 | |
| 010 | @a7-5430-2955-3@dCNY58.00 | |
| 100 | @a20060407d2004 km y0chiy0120 ea | |
| 101 | 0 | @achi |
| 102 | @aCN@b420000 | |
| 105 | @aac z 000yy | |
| 200 | 1 | @a十年疑似@Ashi nian yi si@e1994-2003中国足球职业联赛全纪录@f中央电视台《足球之夜》节目组编@Fzhong yang dian shi tai《zu qiu zhi ye》jie mu zu bian |
| 210 | @a武汉@c武汉出版社@d2004.04 | |
| 215 | @a535页@c图 (部分彩图), 肖像@d21cm | |
| 330 | @a本书分为资料、数据两个部分。资料部分是对十年联赛中的媒体评论进行的汇编。数据部分则是对十年联赛中各支队伍、各项数据进行的统计。 | |
| 517 | 1 | @a1994-2003中国足球职业联赛全纪录@A1994-2003 zhong guo zu qiu zhi ye lian sai quan ji lu |
| 606 | 0 | @a足球运动@Azu qiu yun dong@x联赛@y中国@x统计资料 |
| 690 | @aG843.735@v4 | |
| 711 | 02 | @a中央电视台@Azhong yang dian shi tai@b足球之夜节目组@4编 |
| 801 | 0 | @aCN@bQSSK@c20060407 |
| 905 | @a10447@dG843.735@eZ706 | |
| 十年疑似:1994-2003中国足球职业联赛全纪录/中央电视台《足球之夜》节目组编.-武汉:武汉出版社,2004.04 |
| 535页:图 (部分彩图), 肖像;21cm |
| ISBN 7-5430-2955-3:CNY58.00 |
| 本书分为资料、数据两个部分。资料部分是对十年联赛中的媒体评论进行的汇编。数据部分则是对十年联赛中各支队伍、各项数据进行的统计。 |
| ● |
| 相关链接 |
|
|
|
正题名:十年疑似
索取号:G843.735/Z706
 
预约/预借
| 序号 | 登录号 | 条形码 | 馆藏地/架位号 | 状态 | 备注 |
| 1 | 557461 | 205574617 | 社科库409/409社科库 23排3列5层/ [索取号:G843.735/Z706] | 在馆 | |
| 2 | 557462 | 205574626 | 体育教学部资料室/ [索取号:G843.735/Z706] | 在馆 | |
| 3 | 557463 | 205574635 | 社科库409/409社科库 23排3列5层/ [索取号:G843.735/Z706] | 在馆 |